| 000 | 01778na a2200409 4500 | ||
|---|---|---|---|
| 999 |
_c6229 _d6229 |
||
| 001 | 19484 | ||
| 003 | MIRAKIL | ||
| 005 | 20200302114548.0 | ||
| 008 | 170216b tu 000 0 | ||
| 035 | _a19484 | ||
| 040 |
_aTR-AnCHP _btur _cTR-AnCHP |
||
| 041 | _atur | ||
| 082 |
_aCHP 338.17463 _bC36z 2006 |
||
| 090 | _aBROŞÜR 76 | ||
| 110 |
_aCumhuriyet Halk Partisi (CHP) _bZeytin ve zeytinyağı üreticilerinin sorunlarını araştırma komisyonu |
||
| 222 | _aTarım Raporları | ||
| 222 | _aCHP Tarım | ||
| 222 | _aZeytin raporları | ||
| 245 |
_aZeytin ve zeytinyağı üreticilerinin sorunlarını araştırma komisyonu raporu: _b(04-01-2006)/ _cCHP Zeytin ve zeytinyağı üreticilerinin sorunlarını araştırma komisyonu. |
||
| 246 | _aCHP Zeytin ve zeytinyağı üreticilerinin sorunlarını araştırma komisyonu raporu (04 Ocak 2006) | ||
| 260 |
_aAnkara: _bCHP, _c2006. |
||
| 300 |
_a8 s.: _c24 sm. |
||
| 490 | _aCumhuriyet Halk Partisi yayınları | ||
| 500 | _aBilgisayar çıktısıdır. Kütüphaneciden çevrimdışı versiyonu sağlanabilir. | ||
| 610 |
_aCHP _xZeytin _yRaporlar |
||
| 610 |
_aCHP _xZeytinyağı _yRaporlar |
||
| 610 |
_aCHP _xKomisyon raporları _yZeytin ve zeytincilik |
||
| 610 |
_aCHP _bZeytin ve Zeytinyağı Üreticilerinin Sorunlarını Araştırma Komisyonu _xRaporlar |
||
| 650 |
_aZeytin üreticileri _yRaporlar _zTürkiye |
||
| 650 |
_aTarım sorunları _xZeytin ve zeytincilik _yRaporlar _zTürkiye |
||
| 740 | _aCHP Zeytin ve zeytinyağı üreticilerinin sorunlarını araştırma komisyonu raporu (04 Ocak 2006) | ||
| 830 | _aCHP raporları | ||
| 856 | _zDijital Nüshası için Partimizin Kütüphane Sorumlusu ile iletişime geçiniz. | ||
| 942 |
_2ddc _cVIS |
||
| 999 | _d6229 | ||